000 00835nmc a2200301 a 4500
003 AR-BaBNM
005 20251128210300.0
008 011101s1996 ||||||||||||||000 | spa||
020 _a84-8063-226-7
040 _cAR-BaBNM
100 1 _aAlves, Rubem
245 1 0 _aLa alegría de enseñar
250 _a1ª ed.
260 _aBarcelona
_bEdiciones Octaedro
_c1996
300 _a95 p.
_bil.
490 0 _aRecursos
_vv. 14
500 _aEl ejemplar con el no. de inventario 123068 presenta hojas en blanco
650 4 _aFINALIDADES DE LA EDUCACION
650 4 _aAMBIENTE EDUCACIONAL
650 4 _aENSENANZA
650 4 _aFILOSOFIA DE LA EDUCACION
650 4 _aROL DEL DOCENTE
650 4 _aETICA
650 4 _aRELACION ALUMNO-DOCENTE
700 1 _aReig Ahicart, Helena
_etraductor
942 _cBK
998 _cRaquel
999 _c14773
_d14773